البانجو قنبلة انفجرت فى عقول الشباب / (Record no. 52016)
[ view plain ]
| 000 -الفاتح | |
|---|---|
| حقل البيانات ثابتة الطول | 00735nam a2200241Ia 4500 |
| 005 - وقت وتاريخ اخر تعامل مع التسجيلة | |
| رقم الضبط | 20240530104942.0 |
| 008 - عناصر البيانات ثابتة الطول - معلومات عامة | |
| حقل البيانات ثابتة الطول | 140319s9999 xx 000 0 ara d |
| 040 ## - مصدر الفهرسة | |
| وكالة الفهرسة الأصلية | GCL / |
| وكالة النسخ | GCL |
| 082 04 - رقم تصنيف ديوى العشرى | |
| رقم التصنيف | 364.142 |
| رقم المادة | و ب |
| 100 1# - المدخل الرئيسى - إسم شخصى | |
| الإسم الشخصى | وجيه ابوذكرى |
| 245 10 - بيان العنوان | |
| العنوان | البانجو قنبلة انفجرت فى عقول الشباب / |
| بيان المسئوليه,etc | وجيه ابوذكرى |
| 300 ## - الوصف المادى | |
| التعداد | 152 ص |
| 490 ## - بيان السلسلة | |
| عنوان السلسلة | كتاب اليوم |
| رقم المجلد/ التعيين التسلسلي | 0 |
| 650 04 - المدخل الاضافى بالموضوع-مصطلح موضوعى | |
| مصطلح موضوعي | ادمان المخدرات |
| 650 04 - المدخل الاضافى بالموضوع-مصطلح موضوعى | |
| مصطلح موضوعي | المخدرات والشباب |
| 650 04 - المدخل الاضافى بالموضوع-مصطلح موضوعى | |
| مصطلح موضوعي | المخدرات |
| 650 04 - المدخل الاضافى بالموضوع-مصطلح موضوعى | |
| مصطلح موضوعي | المخدرات والجريمة |
| 650 04 - المدخل الاضافى بالموضوع-مصطلح موضوعى | |
| مصطلح موضوعي | البانجو |
| 700 1# - المدخل الاضافى - اسم شخصى | |
| الإسم الشخصى | نوال مصطفى |
| 700 1# - المدخل الاضافى - اسم شخصى | |
| الإسم الشخصى | يحيى عبدالرحمن |
| 942 ## - عناصر المدخل الإضافي( كوها) | |
| مصدر التصنيف او مخطط الترفيف | Dewey Decimal Classification |
| Koha [default] item type | كتاب |
| حالة التراجع | حالة الفقد | حالة تلف | ليس للاعارة | المكان المؤقت | الموقع الحالى | تاريخ الاكتساب | اجمالي اﻻعارات | رقم الطلب | الباركود | تاريخ اخر مشاهدة | تاريخ تفعيل السعر | نوع وعاء كوها |
|---|---|---|---|---|---|---|---|---|---|---|---|---|
| مكتبة القاهرة الكبرى | مكتبة القاهرة الكبرى | 03/26/2014 | 364.142\و ب | 124493 | 03/26/2014 | 03/26/2014 | كتاب |

